| 000 | 00506nam a2200157Ia 4500 | ||
|---|---|---|---|
| 008 | 151213s9999 xx 000 0 und d | ||
| 020 | _a984-32-3077-9 | ||
| 100 | _aআবুল আজাদ | ||
| 245 |
_aনির্বাচিত গল্প _cআবুল আজাদ |
||
| 260 |
_aঢাকা _bস্বরাজ প্রকাশনী _c2006 |
||
| 300 | _a7318 p. | ||
| 650 | _aBangla | ||
| 650 | _aবাংলা সাহিত্য | ||
| 700 | _aআবুল আজাদ | ||
| 999 |
_c3888 _d3888 |
||